000 00817aaa a2200229 a 4500
999 _c332353
_d332353
003 BLK
005 20231209122511.0
008 180816b bul||||| |||| 00| 0 bul d
020 _a978-954-28-2926-3
040 _aBLK
041 _aBUL
_cBUL
080 _aНовогръцка литература
_b821.146
_x-31
_z821.146-31
100 _aКазандзакис, Никос
_9394868
139 _bК 13
245 _aАлександър Велики
_bРоман
_cНикос Казандзакис ; Прев. от гр. Драгомира Вълчева
260 _bСиела
_c2019
_aСофия
300 _a360 с.
_c21 см
380 _aX
700 _9336868
_aВълчева, Драгомира Василева
_eпрев. от гр.
852 _bП
_cП 887.4-31/К 13
942 _cKNG
_2udc
_n0
_041
944 _k30552
_lВиолета Тройчева